| 000 | 01737cam a2200289 4500 | ||
|---|---|---|---|
| 001 | ABS66988 | ||
| 008 | 030901n2003 000 0 eng u | ||
| 035 | _a(Sirsi) u123415 | ||
| 100 | _aBurton, E. | ||
| 245 | _aHousing for an urban renaissance:implications for social equity | ||
| 260 | _c2003 | ||
| 490 |
_aHousing Studies _v18(4) July 2003, 537-562(26) |
||
| 520 | _aAlthough current UK housing policy favours high-density, mixed-use development on previously-developed urban land and promotes an urban renaissance, largely because of its claimed advantages of sustainability, sustainability impacts have been little tested in practice. Outlines the development of a theory of social equality in relation to urban form and provides empirical research based on this to test the case of the so-called compact city, that is high-density, mixed-use urban form. Examines the research, which involved a comparative investigation of a range of alleged social equality impacts in 25 medium-sized English cities of varying levels and types of compactness. Finds that, in certain respects and with certain qualifications, the compact city has the potential to promote social equality. Tables covering indicators and impacts, towns and cities covered and compactness/social equity relationships. References. [Taken from journal abstract]. | ||
| 590 | _aABS | ||
| 650 | _aSERVICES | ||
| 650 | _aLOCAL AMENITIES | ||
| 650 | _aHOUSING POLICY | ||
| 650 | _aHIGH DENSITY DEVELOPMENT | ||
| 650 | _aHIGH DENSITY HOUSING | ||
| 650 | _aMIXED-USE DEVELOPMENTS | ||
| 650 | _aDERELICT LAND | ||
| 650 | _aCOMPACT CITIES | ||
| 650 | _aURBAN LAND | ||
| 650 | _aPREVIOUSLY DEVELOPED LAND | ||
| 690 | _aHOUSING-DEVELOPMENT | ||
| 942 | _n0 | ||
| 999 |
_c73308 _d73308 |
||